000 06732nam a2200445 a 4500
001 dia_4703
003 CHAP
005 20241031090056.0
007 ta
008 220601s2010 mx ao frm 001 0 spa d
040 _amxchpua
_cCHAP
041 0 _aspa
_beng
090 _aTesis
_bR364
_c2010
100 1 _aRamírez Nava, Sergio
240 1 0 _aSupervision of production during the development of pancakes and danish bread on industrial bakery.
_lEspañol
245 1 0 _aSupervisión de producción durante la elaboración de panqué y pan danés en una panificadora industrial /
_cSergio Ramírez Nava
264 _aChapingo, México :
_bEl autor,
_c2010
300 _avii, 99 hojas :
_bilustraciones, tablas, diagramas, fotografías +
_e1 CD-ROM
336 _2rdacontent
_atexto
_btxt
337 _2rdamedia
_ano mediado
_bn
338 _2rdacarrier
_avolumen
_bnc
502 _aMemoria de Experiencia Profesional
_b(Ingeniero Agroindustrial) --
_cUACh. Departamento de Ingeniería Agroindustrial,
_d2010
504 _aBibliografía : hojas 89-92
520 3 _aTodo grupo necesita un líder, una persona que dirija sus esfuerzos y actividades hacia un objetivo específico y las empresas no son una excepción. Dentro de las empresas panaderas existe una gran necesidad de líderes, especialmente en el área de producción, como Supervisor de Producción. El Supervisor realiza una actividad clave dentro de una empresa, pues de él depende que el trabajo se realice con la calidad requerida, que el equipo dé el mayor rendimiento, pero sin olvidar el mantener en alto la moral de cada uno de los trabajadores desarrollando sus habilidades y reconociendo su labor. Para poder conseguirlo, lo primero es tener los conocimientos adecuados, es decir, concluir los estudios en una carrera que nos dé las bases, como la de Ingeniería Agroindustrial. Una vez habiendo ingresado en una empresa panadera, se debe aprovechar al máximo la capacitación que se reciba, pues con cada una se desempeñará mejor el trabajo ya que cada puesto y cada línea son distintas. No se debe perder de vista que la capacitación y la actualización de conocimientos son importantes, y debe continuar a todo lo largo de nuestra vida laboral, esto siempre nos hará mejores Supervisores. Bimbo es la empresa en la que me he desarrollado como Supervisor de Producción después de haber egresado de Agroindustrias de la Universidad Autónoma Chapingo, y en ésta compañía el Supervisor de Producción es la persona sobre la que recae la responsabilidad de la operación y productividad de los procesos, así como de la calidad del producto y optimización de recursos de la empresa. Es quien apoya y resuelve, junto con su equipo de trabajo, los problemas que surgen día con día. Además, es el Supervisor de Producción quien persigue y pone en marcha los planes comerciales de los diferentes productos, que son desarrollados en el área de nuevos productos, con la finalidad de satisfacer los diversos nichos de mercado. El puesto de Supervisor de Producción existe en una gran variedad de empresas, dedicadas a su vez a generar una gran variedad de productos, en este trabajo se mencionarán a grandes rasgos cada una de las actividades que desarrolla un Supervisor de Producción en Bimbo, una importante empresa panadera, debido a que tiene una fuerte presencia no solo en nuestro país, sino en varios países del mundo. Así también se realizará una revisión bibliográfica sobre los ingredientes que conforman el pan, las etapas del proceso productivo, específicamente en las líneas de Panqué y pan fermentado dulce (pan Danés), algunas variables técnicas que afectan y la preparación profesional para desempeñar mejor el puesto de Supervisor de Producción.
520 3 _aEvery group needs a leader, a head to lead its efforts and activities towards a specific goal and companies are no exception. In the Baker enterprises there exist a need of leaders, especially in the area of production, which occupy the post Production Supervisor. Monitor performs a key inside of an enterprise activity because it depends on work to be carried out with the required quality, giving the team performance, but without ignore to maintain high morale of workers to develop their skills and recognizing his work. To be able to do so, first thing is to have the right, i.e. complete studies in a career that will give us bases, as the engineer Agroindustrial knowledge. After having entered a baked, company we help maximize training received, because each has its particular form of play, as well as each post and each line are different. We must not forget that training and updating of knowledge is important, and should continue throughout our working life, this cannot be done best supervisors. Bimbo is the company that I've developed as supervisor after having graduated from Chapingo Autonomous University, and in this Agroindustry monitor production company is the person that had responsibility for operation and processes, as well as the quality of product and company resources optimization productivity. It is who supports and solves the problems that arise day with day together with your team. It is also the production supervisor who pursues and launched the business plans of different products, which are developed in the area of New Products, in order to meet the various market niches. Post production supervisor in a variety of companies, shall devoted time to turn a rebuild of a wide variety of products, this work State broadly speaking coda one activity that develops a production supervisor at Bimbo, a Baker, company has a strong presence not only in our country, but in several countries in the world. You will also perform a bibliographic review on the ingredients that make up the bread, the stages of the production process, specifically in the lines of plum and Pan Fermentado, some variables that affect and preparation that you must have the Production Supervisor.
650 1 3 _aTipos de pan
_2atg
_xControl de fabricación
650 1 3 _aProductos horneados
_2atg
_xSupervisión de procesos
650 1 3 _aIndustria panadera
_2atg
650 1 3 _aBreads
_2atg
_xProcess control
650 1 3 _aBaked goods
_2atg
_xProcess monitoring
650 1 3 _aBakery industry
_2atg
700 1 _aBuendía González, María Ofelia
_edirectora
700 1 _aVelázquez Castillo, Alejandra
_easesora
700 1 _aPérez Herrera, Patricia
_easesora
856 4 1 _uhttp://10.13.5.2/tesis/111919.pdf
_yDESCARGAR PDF
901 _aTESIS R364 2010
902 _aM
905 _a5232272010 mx dml 8223123322spa16
942 _cTESIS
_2Clasificación Universidad Autónoma Chapingo
999 _c209527
_d209527